Fr. Conceicao Rodrigues College of Engineering

Head first C# (Record no. 29910)

MARC details
000 -LEADER
fixed length control field 00310nam a2200157Ia 4500
082 ## - DEWEY DECIMAL CLASSIFICATION NUMBER
Classification number 005.133C#
Item number STE
100 ## - MAIN ENTRY--PERSONAL NAME
Personal name Stellman/Andrew
245 ## - TITLE STATEMENT
Title Head first C#
260 ## - PUBLICATION, DISTRIBUTION, ETC.
Name of publisher, distributor, etc. O reilly
Date of publication, distribution, etc. 2010
366 ## - TRADE AVAILABILITY INFORMATION
Publishers's discount category 25
300 ## - PHYSICAL DESCRIPTION
Extent 797
546 ## - LANGUAGE NOTE
Language note ENGLISH
-- Computers
650 ## - SUBJECT ADDED ENTRY--TOPICAL TERM
Topical term or geographic name entry element C#
942 ## - ADDED ENTRY ELEMENTS (KOHA)
Koha item type BOOK
Holdings
Withdrawn status Lost status Damaged status Not for loan Collection Home library Current library Date acquired Source of acquisition Cost, normal purchase price Inventory number Total Checkouts Full call number Barcode Date last seen Cost, replacement price Price effective from Koha item type
        CRC Fr. Agnel's C.Rodrigues College of Engineering Fr. Agnel's C.Rodrigues College of Engineering 17/03/2023 Dharma Enterprises 487.50 19 dt 10/04/2012   005.133C# STE 21957 17/03/2023 650.00   BOOK